000
00293 a2200121 4500
000
nam a22 7a 4500
005
20260224143630.0
020
_a
9789369449132
100
_a
Deepak Kumar Jaiswal
_9
1116550
245
_a
Buddh Aur Pharao
260
_b
Vani Prakashan
_c
2025
942
_c
TEXL
999
_c
1680139
_d
1680139